000 00841nam a22002537a 4500
001 26052
003 UA-OsUOA
005 20230908120616.0
007 ta
008 20040511b un ||||| |||| 00| 0 ukr d
020 _a966-7996-36-8
040 _aUA-OsUOA
_bukr
_cUA-OsUOA
_dUA-OsUOA
041 _aukr
044 _aUA
080 _a392:008(477)(082)
090 _a392:008(477)(082)
_bД44
245 _aДіалог культур: Україна в звичаях і традиціях. Родознавство
_bнауково-методичний збірник
_cкер. роботи С. О. Черепанова
_nвип. 1
260 _aДрогобич
_bКоло
_c2003
300 _a192 с.
650 7 _2UDC
942 _cBK
_2udc
955 _a0
999 _c312360
_d312360